<?xml version="1.0" encoding="UTF-8"?>
<record
    xmlns:xsi="http://www.w3.org/2001/XMLSchema-instance"
    xsi:schemaLocation="http://www.loc.gov/MARC21/slim http://www.loc.gov/standards/marcxml/schema/MARC21slim.xsd"
    xmlns="http://www.loc.gov/MARC21/slim">

  <leader>01459nam a22003137a 4500</leader>
  <controlfield tag="003">dpl</controlfield>
  <controlfield tag="005">20100303135233.0</controlfield>
  <controlfield tag="007">DVD</controlfield>
  <controlfield tag="008">080925t        xxu||||| |||| 00| 0 eng d</controlfield>
  <datafield tag="010" ind1=" " ind2=" ">
    <subfield code="a">DVD-005796-5797</subfield>
  </datafield>
  <datafield tag="024" ind1=" " ind2=" ">
    <subfield code="a">DVDU-637</subfield>
    <subfield code="c">99.00</subfield>
  </datafield>
  <datafield tag="035" ind1=" " ind2=" ">
    <subfield code="a">DVD-005796-5797</subfield>
  </datafield>
  <datafield tag="040" ind1=" " ind2=" ">
    <subfield code="a">DVD</subfield>
    <subfield code="c">DPL</subfield>
  </datafield>
  <datafield tag="082" ind1=" " ind2=" ">
    <subfield code="a">DVD / BLAC</subfield>
  </datafield>
  <datafield tag="245" ind1=" " ind2=" ">
    <subfield code="a">Black &amp; White</subfield>
    <subfield code="c">Mukta Serch Light Films Presents</subfield>
    <subfield code="h">[videorecording] DVD/</subfield>
  </datafield>
  <datafield tag="260" ind1=" " ind2=" ">
    <subfield code="a">Mumbai</subfield>
    <subfield code="b">Ultra Distributors Pvt. Ltd.</subfield>
  </datafield>
  <datafield tag="300" ind1=" " ind2=" ">
    <subfield code="a">1 videodisc DVD; </subfield>
    <subfield code="b">sd., col.;</subfield>
    <subfield code="c">4 3/4 in.</subfield>
    <subfield code="f">DVD</subfield>
  </datafield>
  <datafield tag="440" ind1=" " ind2=" ">
    <subfield code="a">Ultra DVD</subfield>
  </datafield>
  <datafield tag="500" ind1=" " ind2=" ">
    <subfield code="a">Digitally mastered from the original film.  Audio re-mastered in digital surround sound, Interactive menus of songs &amp; scenes for easy access</subfield>
  </datafield>
  <datafield tag="538" ind1=" " ind2=" ">
    <subfield code="a">5.1 Digital Surround Sound, Language Hindi, Subtitles English</subfield>
  </datafield>
  <datafield tag="650" ind1=" " ind2=" ">
    <subfield code="a">Motion Picture</subfield>
  </datafield>
  <datafield tag="700" ind1=" " ind2=" ">
    <subfield code="a">Ghai, Subhash</subfield>
  </datafield>
  <datafield tag="700" ind1=" " ind2=" ">
    <subfield code="a">Sinha, Anurag</subfield>
  </datafield>
  <datafield tag="700" ind1=" " ind2=" ">
    <subfield code="a">Kapoor, Anil</subfield>
  </datafield>
  <datafield tag="942" ind1=" " ind2=" ">
    <subfield code="2">ddc</subfield>
    <subfield code="c">CF</subfield>
    <subfield code="h">DVD</subfield>
    <subfield code="m">BLAC</subfield>
  </datafield>
  <datafield tag="999" ind1=" " ind2=" ">
    <subfield code="c">34354</subfield>
    <subfield code="d">34354</subfield>
  </datafield>
  <datafield tag="952" ind1=" " ind2=" ">
    <subfield code="0">0</subfield>
    <subfield code="1">0</subfield>
    <subfield code="2">ddc</subfield>
    <subfield code="4">0</subfield>
    <subfield code="7">0</subfield>
    <subfield code="a">L</subfield>
    <subfield code="b">L</subfield>
    <subfield code="d">2010-03-03</subfield>
    <subfield code="e">Pioneers/1003/17-11-09/325/13-10-09 /30-11-09 </subfield>
    <subfield code="g">99.00</subfield>
    <subfield code="l">19</subfield>
    <subfield code="o">DVD BLAC</subfield>
    <subfield code="p">DVD-005796</subfield>
    <subfield code="r">2014-05-24 00:00:00</subfield>
    <subfield code="s">2014-05-16</subfield>
    <subfield code="t">1</subfield>
    <subfield code="v">99.00</subfield>
    <subfield code="w">2010-03-03</subfield>
    <subfield code="y">CF</subfield>
  </datafield>
  <datafield tag="952" ind1=" " ind2=" ">
    <subfield code="0">0</subfield>
    <subfield code="1">0</subfield>
    <subfield code="2">ddc</subfield>
    <subfield code="4">0</subfield>
    <subfield code="7">0</subfield>
    <subfield code="a">BL1</subfield>
    <subfield code="b">BL1</subfield>
    <subfield code="d">2010-03-03</subfield>
    <subfield code="e">Pioneers/1003/17-11-09/325/13-10-09 /30-11-09 </subfield>
    <subfield code="g">99.00</subfield>
    <subfield code="l">11</subfield>
    <subfield code="o">DVD BLAC</subfield>
    <subfield code="p">DVD-005797</subfield>
    <subfield code="r">2014-07-07 00:00:00</subfield>
    <subfield code="s">2014-07-02</subfield>
    <subfield code="t">1</subfield>
    <subfield code="v">99.00</subfield>
    <subfield code="w">2010-03-03</subfield>
    <subfield code="y">CF</subfield>
  </datafield>
</record>
